00986naa#a2200181#i#4500001001500000005001700015100004100032102000700073200020100080210016900281215001000450608006000460675017600520700003200696700002800728700003000756856001800786RU\\bibl\1995020260702030006.4##a20260630b2026####ek#y0rusy0150####ca##aRU1#aМОДЕЛИРОВАНИЕ ВЫЧИСЛИТЕЛЬНОЙ НЕОПРЕДЕЛЁННОСТИ В ГЕТЕРОГЕННЫХ ОБЛАЧНЫХ СРЕДАХeСтатья/тезисы конференции1#aВоронежcВоронежский государственный лесотехнический университет имени Г.Ф. Морозоваd2026##a6 с.##aСтатья/тезисы конференции2local##aИнформационные технологии. Компьютерные технологии. Теория вычислительных машин и систем. 004#1aКандауровgИ. А.#1aГоловинgВ. А.#1aАлексеевgВ. Р.4#abibl.vgltu.ru